| 000 | 01056nam a2200241Ia 4500 | ||
|---|---|---|---|
| 003 | PE SENCICO BE | ||
| 005 | 20251020182428.0 | ||
| 008 | 200515s9999 xx 000 0 und d | ||
| 040 |
_aPE SENCICO BE _cPE SENCICO BE |
||
| 041 | _aspa | ||
| 082 |
_a321.00985 _bC4 |
||
| 110 | 1 |
_aCentro de Estudios de la Realidad Peruana _92465 |
|
| 245 | 1 | 0 |
_aDemocracia, derechos sociales y pobreza en el Perú, superar la pobreza… gran desafío para la democracia / _cCentro de Estudios de la Realidad Peruana |
| 260 |
_aLima : _bCERP ; _cs. a. |
||
| 300 |
_a183 p. : _btbl., graf. ; _c21 cm. |
||
| 505 | 0 | _aPrimera sesión: tema 1: Democracia, mercado y derechos sociales y económicos -- Tema 2: Democracia, pobreza e inversión social -- Segunda sesión: Tema 3: El Marcado del Empleo y la Exclusión Social -- Tema 4: La Exclusión Social en América Latina y el Perú | |
| 650 | 1 | 0 |
_aDerechos sociales _92466 |
| 650 | 2 | 0 |
_aDemocracia _92467 |
| 650 | 2 | 0 |
_aPobreza _92468 |
| 650 | 2 | 0 |
_aProblemas sociales _92360 |
| 651 | 1 | 0 |
_9661 _aPerú |
| 942 |
_cLIB _2ddc |
||
| 999 |
_c169 _d169 |
||